| 000 | 00734nam a2200229 a 4500 | ||
|---|---|---|---|
| 001 | 000043607 | ||
| 005 | 20201002044857.0 | ||
| 008 | 140331s1970 sp 000 0 spa d | ||
| 040 |
_aDO-SdBNP _bspa _cBNPHU |
||
| 082 |
_a863.5 _bB398Le |
||
| 100 | 1 |
_aBecquer, Gustavo Adolfo _d1836-1870 _99162 |
|
| 245 | 1 | 0 |
_aLeyendas. / _cGustavo Adolfo Becquer; prólogo Justo García Morales. |
| 246 | 1 | 2 | _aLeyendas y narraciones |
| 260 |
_aMadrid : _bLibra, _c1970. |
||
| 300 |
_a207 p. ; _c17 cm. |
||
| 490 | 1 |
_aPurpura _v1 |
|
| 650 | 4 |
_aCuentos españoles _93194 |
|
| 650 | 4 |
_aLeyendas _xColecciones _932284 |
|
| 650 | 4 |
_aLiteratura española _ySIGLO XIX _93067 |
|
| 700 | 1 | 2 |
_aGarcía Morales, Justo _eprol. _932285 |
| 830 | 0 |
_aPurpura _n1 _971417 |
|
| 999 |
_c43096 _d43096 |
||